| 000 | 01295nam a2200229Ia 4500 | ||
|---|---|---|---|
| 003 | Ost | ||
| 005 | 20260507075431.0 | ||
| 008 | 260507s9999||||xx |||||||||||||| ||und|| | ||
| 020 | _a9774220188 | ||
| 040 | _cfsecg | ||
| 041 | _aara | ||
| 082 | _a330.121 | ||
| 100 |
_aيسري، عبد الرحمن احمد _eمؤلف |
||
| 245 | 0 |
_aدراسات في علم الاقتصاد الاسلامى / _c عبد الرحمن احمد يسري |
|
| 260 |
_aالاسكندرية: _bالدار الجامعية, _c2007 |
||
| 300 |
_a312 صفحة؛ _bإيضاحات ؛ _c24 سم |
||
| 504 | _aببليوغرافيا: ص.307-311 | ||
| 520 | _aيضم المنهج العلمي في الاقتصاد الاسلامي، انتقاء الحاجات الاستهلاكية وترتيبها، اسس تنظيم النشاط الانتاجي والتنسيق بين المصلحتين الخاصة والعامة، التنمية الاقتصادية، السكان، مراحل التكامل الاقتصادي الاسلامي في اطار الظروف المعاصرة، نحو سياسة اقتصادية موحدة للعالم الاسلامي في مواجهة العولمة | ||
| 653 | _aالاقتصاد الاسلامي | ||
| 653 | _aالتنمية الاقتصادية | ||
| 942 | _cكتاب | ||
| 999 |
_c44514 _d44514 |
||